County & township map of the states of Kansas and Nebraska

Saved in:
Bibliographic Details
Main Author: Mitchell, S. Augustus 1792-1868.
Corporate Authors: David Rumsey Collection., Cartography Associates.
Other Authors: Gamble, W. H.
Format: Electronic
Language:English
Published: [1880].
Series:David Rumsey Collection digital maps
Subjects:
Tags: Add Tag
No Tags, Be the first to tag this record!
LEADER 01571nea a2200349Ka 4500
001 012024935-9
005 20090630193809.0
008 060606t18801879pau a s 0 eng d
034 1 |a a  |b 1850000  |d W1040300  |e W0943500  |f N0430000  |g N0370000 
035 0 |a ocm69949314 
040 |a CUY  |c CUY 
052 |a 4190 
052 |a 4200 
100 1 |a Mitchell, S. Augustus  |q (Samuel Augustus),  |d 1792-1868. 
245 1 0 |a County & township map of the states of Kansas and Nebraska  |h [electronic resource] /  |c drawn and engraved by W.H. Gamble, Philadelphia. 
246 3 |a County and township map of the states of Kansas and Nebraska 
255 |a Scale [ca. 1:1,850,000]. 
260 |c [1880]. 
500 |a Shows settlements, railroads, rivers, etc. 
500 |a Prime meridians: Greenwich and Washington. 
500 |a "Entered according to Act of Congress in the year 1879 by S. Augustus Mitchell in the office of the Librarian of Congress at Washington." 
500 |a Scanned raster image of original: 1 map : hand col. ; 36 x 50 cm. 
500 |a Original in the David Rumsey Collection; scanned by Cartography Associates. 
651 0 |a Kansas  |v Maps. 
651 0 |a Nebraska  |v Maps. 
700 1 |a Gamble, W. H.  |q (William H.) 
710 2 |a David Rumsey Collection. 
710 2 |a Cartography Associates. 
773 0 |a Mitchell, S. Augustus (Samuel Augustus), 1792-1868.  |t Mitchell's new general atlas.  |d Philadelphia : S. Augustus Mitchell, 1880, c1879.  |g p. 84-85.  |w (OCoLC)69371482 
830 0 |a David Rumsey Collection digital maps  |5 net 
988 |a 20090630 
906 |0 OCLC